00543nam a2200193Ia 450000500170000000800410001702000230005804000190008104100120010008200180011224500630013026000490019330000180024250400190026065000140027965100210029370000250031485000100033920240227115400.0131103s9999 xx 000 0 und d a8170248140cRs 600 aLoreto College aEnglish a370.954 bSEE aLiteracy Campaigns in India, cEdited by A.S. Seetharamu aNew DelhibA PH Publishing Corporationc1997 a268pb tables aIncludes index aEducation aIndia, Education aSeetharamu, A.S., ed aLCLIB